000 00703nam a22002777a 4500
001 BR0100842
003 BR-BrBNA
005 20230928100818.0
007 ta
008 230509b bl.||||| |||| 00| 0 por d
040 _aBR-BrBNA
_bpor
_cBiblioteca Nacional de Agricultura
041 _a(Por)
072 _aC30
090 _ C30 BR0100842
100 1 _aAntunes, L.M.
100 1 _aEngel, A.
245 1 _aA informatica na agropecuaria
250 1 _a2. ed.
260 3 _aGuaiba, RS (Brasil):
_bEditora Agropecuaria,
_c1996.
300 _a175 p.
650 _aInformatica
650 _aAgricultura
650 _aTecnologia Agricola
909 _a202309
_bLucia
_c55
_dLucia Elande
942 _cBK
999 _c62923
_d62923